|
|
|
|
| LEADER |
00000cam a2200000 a 4500 |
| 001 |
vtls010445965 |
| 003 |
SK-MaSNL |
| 005 |
20260425235804.0 |
| 008 |
200318s2012 xo f 000 0 slo |
| 015 |
|
|
|a SNBA2013/04
|
| 020 |
|
|
|a 9788080784911
|q (brož.)
|
| 035 |
|
|
|a urn:nbn:sk:snk-am00a1t8
|
| 035 |
|
|
|a urn:nbn:sk:snk-am3hdg7
|
| 035 |
|
|
|a 59A87932-5DBD-464D-A8AC-3657AA9AF889
|
| 040 |
|
|
|a SNK
|b slo
|c SNK
|e AACR2
|
| 041 |
0 |
|
|a slo
|
| 043 |
|
|
|a e-xo---
|
| 044 |
|
|
|a xo
|c SK
|
| 072 |
|
7 |
|a 347
|x Súkromné právo
|2 konspekt
|
| 080 |
|
|
|a 347
|2 2001
|
| 080 |
|
|
|a 347.447
|2 2001
|
| 080 |
|
|
|a 347.132.142:347.4
|2 2001
|
| 080 |
|
|
|a 347.951
|2 2001
|
| 080 |
|
|
|a (437.6)
|2 2001
|
| 080 |
|
|
|a (048.8)
|2 2001
|
| 245 |
0 |
0 |
|a Výber judikatúry k Občianskemu zákonníku
|n 3
|p Zodpovednosť za škodu a bezdôvodné obohatenie
|
| 246 |
3 |
0 |
|a Zodpovednosť za škodu a bezdôvodné obohatenie
|
| 250 |
|
|
|a 1. vyd.
|
| 260 |
|
|
|a Bratislava
|b Iura edition
|c 2012
|
| 300 |
|
|
|a 343 s.
|c 21 cm
|
| 650 |
0 |
7 |
|a občianske právo
|2 SNKPH
|9 981
|
| 650 |
0 |
7 |
|a zodpovednosť za škodu
|2 SNKPH
|9 4613
|
| 650 |
0 |
7 |
|a bezdôvodné obohatenie
|2 SNKPH
|9 93579
|
| 650 |
0 |
7 |
|a súdne rozhodnutia a stanoviská
|2 SNKPH
|9 4638
|
| 650 |
0 |
7 |
|a Civil law
|2 SNKPHeng
|9 266960
|
| 650 |
0 |
7 |
|a Liability for damages
|2 SNKPHeng
|9 302919
|
| 650 |
0 |
7 |
|a Unjust enrichment
|2 SNKPHeng
|9 395107
|
| 650 |
0 |
7 |
|a Judgments
|2 SNKPHeng
|9 274954
|
| 651 |
|
7 |
|a Slovensko
|2 SNKPH
|9 14231
|
| 651 |
|
7 |
|a Slovakia
|2 SNKPHeng
|9 92630
|
| 655 |
|
7 |
|a prehľady
|2 SNKPH
|9 70194
|
| 655 |
|
7 |
|a Surveys
|2 SNKPHeng
|9 266058
|
| 710 |
1 |
2 |
|a Česko-Slovensko.
|t Občiansky zákonník (1964, novela 2012)
|9 332584
|
| 852 |
|
|
|a Štátna vedecká knižnica v Banskej Bystrici
|
| 919 |
|
|
|a 978-80-8078-491-1
|
| 999 |
|
|
|c 838245
|d 840175
|
| 952 |
|
|
|a SNK
|b SNK
|y PREZ
|7 0
|p 17A1048811
|o snkSC 151024/3
|i snk2012/17588
|8 0
|0 0
|1 0
|4 0
|d 2012-09-11
|f 1
|l 0
|r 2025-07-21 00:00:00
|w 2026-02-24
|
| 952 |
|
|
|a SNK
|b SNK
|y VYP
|7 0
|p 17A1048812
|o snkSC 151024/3 D1
|i snk2012/17589
|8 0
|0 0
|1 0
|4 0
|d 2012-09-11
|l 1
|m 2
|r 2026-04-24 13:23:07
|s 2026-02-28
|w 2026-02-24
|